000 00475nam a2200157Ia 4500
999 _c21182
_d21182
003 OSt
005 20200616104406.0
008 190216s9999||||xx |||||||||||||| ||und||
040 _coclc
082 _a303.4840954
_bSHA/I
100 _aSharma, Y K
_92950
245 0 _aIndian Society: Issues And Problems /
_cY K Sharma
260 _bLakshmi Narain Agarwal,
_aAgra:
_c2007.
300 _a504p
942 _cBK
_2ddc
_h303.4840954
_iSHA/I
_k303.4840954
_mSHA/I